Reading research at work : (Record no. 53778)

MARC details
000 -LEADER
fixed length control field 00795nam a22002057a 4500
008 - FIXED-LENGTH DATA ELEMENTS--GENERAL INFORMATION
fixed length control field 181108b xxu||||| |||| 00| 0 eng d
020 ## - INTERNATIONAL STANDARD BOOK NUMBER
International Standard Book Number 1593852991 (trade paper)
020 ## - INTERNATIONAL STANDARD BOOK NUMBER
International Standard Book Number 9781593852993 (trade paper)
050 ## - LIBRARY OF CONGRESS CALL NUMBER
Classification number LB1050.42
Item number .R43 2006
245 ## - TITLE STATEMENT
Title Reading research at work :
Remainder of title foundations of effective practice /
Statement of responsibility, etc edited by Katherine A. Dougherty Stahl, Michael C. McKenna ; foreword by Lesley Mandel Morrow
260 ## - PUBLICATION, DISTRIBUTION, ETC. (IMPRINT)
Place of publication, distribution, etc New York :
Name of publisher, distributor, etc Guilford Press,
Date of publication, distribution, etc 2006
300 ## - PHYSICAL DESCRIPTION
Extent xxv, 450 p. ;
Dimensions 26 cm
500 ## - GENERAL NOTE
General note Includes bibliographical references and index
600 ## - SUBJECT ADDED ENTRY--PERSONAL NAME
Numeration Stahl, Steven A
650 ## - SUBJECT ADDED ENTRY--TOPICAL TERM
Topical term or geographic name as entry element Reading
General subdivision Evaluation
650 ## - SUBJECT ADDED ENTRY--TOPICAL TERM
Topical term or geographic name as entry element Reading
General subdivision Code emphasis approaches
700 ## - ADDED ENTRY--PERSONAL NAME
Personal name Stahl, Katherine A. Dougherty
700 ## - ADDED ENTRY--PERSONAL NAME
Personal name McKenna, Michael C
942 ## - ADDED ENTRY ELEMENTS (KOHA)
Source of classification or shelving scheme Library of Congress Classification
Item type Book
Holdings
Withdrawn status Lost status Source of classification or shelving scheme Damaged status Not for loan Collection code Home library Current library Shelving location Date acquired Source of acquisition Cost, normal purchase price Total Checkouts Full call number Barcode Copy number Price effective from Koha item type
    Library of Congress Classification     Non-fiction Nakuru Campus Nakuru Campus General Circulation 08/11/2018 Donations-BFA 1943.00   LB1050.42 .R43 2006 060629 1 08/11/2018 Book